000 00244nam a2200097Ia 4500
001 647581
005 20250826153705.0
008 250824s9999 xx 000 0 und d
245 0 _a Yurdumu Özledim
_cGülten Dayıoğlu
260 _bAltın Kitaplar
999 _c647581
_d647581